| 000 | 00344nam a2200133Ia 4500 | ||
|---|---|---|---|
| 008 | 240624s9999 xx 000 0 und d | ||
| 041 | _aeng | ||
| 082 | _a020 PAD | ||
| 100 | _aPADMAJAM C K | ||
| 245 | _aESSENTIALS OF AUTOMATED ACQUISITION | ||
| 260 |
_c2006 _aNew Delhi _bEss Ess Publications |
||
| 300 | _a330 : p. : cm. ; 21 | ||
| 365 |
_cRS _b20 |
||
| 999 |
_c8388 _d8388 |
||